000 00585nam a2200205Ia 4500
005 20260429112138.0
008 260429s9999||||xx |||||||||||||| ||und||
020 _a9781032258157
041 _aEnglish
082 _a613.71
_bFAR
100 _aFarrow, Damian
245 0 _aDeveloping sport expertise :
_bresearchers and coaches put theory into practice /
_cDamian Farrow
250 _a3rd ed.
260 _aNew York :
_bRoutledge,
_c2024.
300 _axviii, 161 p.; pbk
650 _aSport expertise
700 _a Baker, Joseph
700 _a MacMahon, Clare
942 _cTB
999 _c52579
_d52579